000 00376nam a22001577a 4500
003 CEME
005 20210628202236.0
008 210317b xxu||||| |||| 00| 0 eng d
040 _c.
082 _a0333 WAS
100 _aMorgenstern Mirabito
_958968
245 _aThe new communication technologies
260 _aRAWALPINDI
_bPDF
_c1990
300 _aPDF
942 _cBK
_2ddc
999 _c569031
_d569031